Гистория... Г. Граб'янки. Лѣтописъ краткій... (Запис № 328575)

МАРК-запис
000 -Лідер
fixed length control field 03793nam a22002777a 4500
001 - Контрольний номер
control field 42438
003 - Ідентифікатор контрольного номера
control field UA-OsUOA
005 - Дата та час останнього входження (трансакції)
control field 20260507120153.0
007 - Фіксоване поле фізичного опису
fixed length control field ta
008 - Елементи даних фіксованої довжини – загальна інформація
fixed length control field 20061106b un ||un a|||| 00| 0 ukr dukr d
020 ## - Міжнародний стандартний книжковий номер (ISBN)
Міжнародний стандартний книжковий номер (ISBN) (НП) 9667057976
040 ## - Джерело каталогізації
Агенція оригінальної каталогізації UA-OsUOA
Мова каталогізації ukr
Агенція, яка здійснювала перезапис UA-OsUOA
Агенція, яка здійснювала модифікацію UA-OsUOA
041 ## - Код мови
Код мови тексту/ звукової доріжки чи окремого заголовка (П) ukr
080 ## - Індекс Універсальної десяткової класифікації
Індекс Універсальної десяткової класифікації (УДК) (НП) 82-94(477):81
090 ## - Локальний шифр розміщення
Класифікаційний індекс УДК 82-94(477):81
Авторський знак (НП) Г46
245 ## - Відомості про назву
Назва (НП) Гистория... Г. Граб'янки. Лѣтописъ краткій...
Дані про відповідальність (НП) упоряд. В. М. Мойсієнко
260 ## - Публікація, розповсюдження і т.п. (Вихідні дані)
Місце публікації, розповсюдження і т.п. (П) Житомир
Ім’я/ наймення видавництва, розповсюджувача і т.п. (П) Полісся
Дата публікації, розповсюдження і т.п. (П) 2001
300 ## - Фізичний опис
Обсяг 277 с.
490 ## - Область серії
Назва серії Памятка української мови XVIII ст.. Серія козацьких літописів
520 ## - Резюме і т.п.
Резюме, реферат, анотація, тощо (НП) Це видання є фундаментальною науковою працею, у якій відома козацька літописна пам’ятка вперше представлена з точки зору лінгвістичного аналізу. Віктор Мойсієнко підготував це видання в межах серії «Пам’ятки української мови», що робить його незамінним для вивчення історії української мови XVIII століття.<br/>«Гисторія» (Літопис) Григорія Грабянки — один із найвизначніших творів козацького бароко, що описує події від найдавніших часів до 1708 року (основна увага приділена Визвольній війні Богдана Хмельницького).<br/>На відміну від суто історичних видань, тут акцент зроблено на текстологічній точності. Текст відтворено з максимальним збереженням особливостей оригіналу (графіки, орфографії), що дозволяє філологам досліджувати мову тієї епохи.<br/>Книга містить ґрунтовну вступну статтю В. М. Мойсієнка, детальний опис списків літопису та словопокажчик.<br/>Видання презентує «Літопис Григорія Грабянки» як визначну пам’ятку староукраїнської літературної мови. Автор дослідження аналізує специфічне мовне середовище XVIII ст., де химерно переплітаються елементи церковнослов’янської мови з живою народною українською стихією.<br/>У книзі подано аналіз різних списків літопису, що дає змогу простежити, як переписувачі змінювали текст залежно від свого мовного досвіду.<br/>Досліджуються фонетичні, морфологічні та лексичні особливості тексту, які є типовими для «козацького літописання».<br/>Попри філологічне спрямування, видання залишається важливим історичним джерелом, що відображає ідеологію козацької старшини та тогочасне бачення української історії.
650 #7 - Додаткове предметне введення – тематичний термін
Тематичний термін чи географічна назва, як елемент введення (НП) 82 Література. Літературознавство
Джерело заголовка чи терміна UDC
9 (RLIN) 15
700 1# - Додаткове введення – ім'я особи
Ім’я особи (НП) Мойсієнко В. М.
9 (RLIN) 25191
942 ## - Додаткові елементи входу (Коха)
Тип елемента Koha Книги
Source of classification or shelving scheme Universal Decimal Classification
955 ## - Код типу видання за змістом
Код типу видання за змістом (НП) Наукові видання
Фонди
Стан вилучень Стан втрат Джерело класифікації або схеми стелажів Стан уражень Не для кредиту Код колекції Постійне місце розташування Поточне розміщення Дата придбання Джерело придбання Вартість, звичайна ціна покупки Інвентарний номер Усього замовленно Штрих-код Дата останнього перегляду Ціна ефективна від Тип елемента Koha Повний номер виклику Вартість, ціна заміни
    Universal Decimal Classification     Колекція Шевчука Валерія АБ - Абонемент НБ АБ - Абонемент НБ 07/05/2026 Акт №24/28.04.2026 25.00 169914   169914 07/05/2026 07/05/2026 Книги 82-94(477):81 Г46 25.00
    Universal Decimal Classification     Колекція Пасічника І.Д. ЧЗ - Читальна зала ЧЗ - Читальна зала 06/11/2006 110/2006 6.00 100098   100098 07/02/2022 06/11/2006 Книги